[Event "Ruhrgebiet Verbandsklasse Gruppe 2 1415"]
[Site "Germany"]
[Date "2015.03.29"]
[Round "8.6"]
[White "Schneider, Andreas"]
[Black "Gruschinski, Marc"]
[Result "1/2-1/2"]
[WhiteElo "1770"]
[BlackElo "1685"]
[PlyCount "68"]
[EventDate "2014.09.21"]
[EventType "team-tourn"]
[EventRounds "9"]
[EventCountry "GER"]
[SourceTitle "EXT 2022"]
[Source "ChessBase"]
[SourceDate "2021.10.06"]
[SourceVersion "1"]
[SourceVersionDate "2021.10.06"]
[SourceQuality "1"]
[WhiteTeam "Oberhausen SV III"]
[BlackTeam "Muelheim Nord V"]
[WhiteTeamCountry "GER"]
[BlackTeamCountry "GER"]

1. e4 c6 2. d4 d5 3. e5 Bf5 4. Nf3 e6 5. Bd3 Bxd3 6. Qxd3 Ne7 7. Nc3 Nd7 8. Ne2 Ng6 9. 0-0 Be7 10. Nf4 Qb6 11. a4 c5 12. a5 Qc7 13. c4 cxd4 14. cxd5 Ndxe5 15. Nxe5 Qxe5 16. Qb5+ Kf8 17. g3 Nxf4 18. Bxf4 Qxd5 19. Qxd5 exd5 20. Be5 Bc5 21. Rfd1 Rd8 22. Ra4 f6 23. Bxd4 Bxd4 24. Raxd4 Ke7 25. Rxd5 Rxd5 26. Rxd5 Rd8 27. Rb5 Rd7 28. Kf1 Kd6 29. b4 g6 30. Ke2 Rc7 31. Kd3 a6 32. Rb6+ Ke5 33. b5 axb5 34. Rxb5+ Kd6 1/2-1/2

[Event "Ruhrgebiet Verbandsklasse Gruppe 2 1415"]
[Site "Germany"]
[Date "2014.11.16"]
[Round "3.8"]
[White "Gruschinski, Marc"]
[Black "Tenschert, Hartmut"]
[Result "1/2-1/2"]
[WhiteElo "1697"]
[BlackElo "1758"]
[PlyCount "74"]
[EventDate "2014.09.21"]
[EventType "team-tourn"]
[EventRounds "9"]
[EventCountry "GER"]
[SourceTitle "EXT 2022"]
[Source "ChessBase"]
[SourceDate "2021.10.06"]
[SourceVersion "1"]
[SourceVersionDate "2021.10.06"]
[SourceQuality "1"]
[WhiteTeam "Muelheim Nord V"]
[BlackTeam "Castrop Rauxel II"]
[WhiteTeamCountry "GER"]
[BlackTeamCountry "GER"]

1. Nf3 Nf6 2. g3 g6 3. b3 Bg7 4. Bb2 d5 5. Bg2 0-0 6. c4 c6 7. 0-0 Bf5 8. d3 Re8 9. Nbd2 Nbd7 10. Nh4 Be6 11. f4 Qb6+ 12. d4 dxc4 13. f5 gxf5 14. Nxf5 Bxf5 15. Rxf5 cxb3 16. axb3 Nf8 17. Nc4 Qc7 18. e4 Ng6 19. Qf3 Rf8 20. e5 Nd5 21. Ba3 b5 22. Nd2 b4 23. Bb2 e6 24. Rh5 f5 25. Rh3 Rf7 26. Nc4 Bf8 27. Bc1 Rd8 28. Bg5 Rdd7 29. Qh5 c5 30. Ra6 Nb6 31. Nxb6 axb6 32. Ra8 cxd4 33. Bf6 Qc1+ 34. Kf2 Qe3+ 35. Kf1 Qc1+ 36. Kf2 Qe3+ 37. Kf1 Qc1+ 1/2-1/2

[Event "Maastricht Limburg op-B 8th"]
[Site "Maastricht"]
[Date "2014.06.07"]
[Round "2"]
[White "Gruschinski, Marc"]
[Black "Van de Pavoordt, Max"]
[Result "0-1"]
[WhiteElo "1714"]
[BlackElo "1839"]
[PlyCount "60"]
[EventDate "2014.06.06"]
[EventType "swiss"]
[EventRounds "7"]
[EventCountry "NED"]
[SourceTitle "EXT 2015"]
[Source "ChessBase"]
[SourceDate "2014.11.20"]
[SourceVersion "1"]
[SourceVersionDate "2014.11.20"]
[SourceQuality "1"]

1. Nf3 e6 2. g3 d5 3. Bg2 c5 4. c4 Nc6 5. 0-0 Nf6 6. d4 Bd6 7. cxd5 Nxd5 8. e4 Nb6 9. e5 Be7 10. dxc5 Qxd1 11. Rxd1 Bxc5 12. Nc3 a6 13. Ne4 Be7 14. b3 0-0 15. Bb2 Bd7 16. Rac1 Nb4 17. Rc7 N4d5 18. Rcc1 Rac8 19. Bd4 Bc6 20. Nc5 Rfd8 21. Nd2 Nd7 22. Nde4 Nxc5 23. Nxc5 Rc7 24. Ne4 f5 25. exf6 gxf6 26. f4 Rcd7 27. Bf3 Nxf4 28. Bxf6 Bxe4 29. Rxd7 Rxd7 30. gxf4 Bxf3 0-1

[Event "Maastricht Limburg op-B 8th"]
[Site "Maastricht"]
[Date "2014.06.07"]
[Round "3"]
[White "Sinke, Wim"]
[Black "Gruschinski, Marc"]
[Result "1/2-1/2"]
[WhiteElo "1874"]
[BlackElo "1714"]
[PlyCount "48"]
[EventDate "2014.06.06"]
[EventType "swiss"]
[EventRounds "7"]
[EventCountry "NED"]
[SourceTitle "EXT 2015"]
[Source "ChessBase"]
[SourceDate "2014.11.20"]
[SourceVersion "1"]
[SourceVersionDate "2014.11.20"]
[SourceQuality "1"]

1. e4 c5 2. Nf3 Nc6 3. d4 cxd4 4. Nxd4 Nf6 5. Nc3 e5 6. Nb3 Bb4 7. Bd2 Bxc3 8. Bxc3 Nxe4 9. Qg4 d5 10. Qxg7 Qf6 11. Qxf6 Nxf6 12. 0-0-0 d4 13. Be1 Bf5 14. f3 Nd5 15. Bd3 Bxd3 16. cxd3 Ne3 17. Rd2 b6 18. a3 Ne7 19. Bg3 f6 20. f4 N7f5 21. fxe5 Nxg3 22. hxg3 fxe5 23. Rh5 0-0 24. Kb1 Rae8 1/2-1/2

[Event "Maastricht Limburg op-B 7th"]
[Site "Maastricht"]
[Date "2013.05.19"]
[Round "5"]
[White "Gruschinski, Marc"]
[Black "Geboers, Jimmy"]
[Result "1/2-1/2"]
[WhiteElo "1684"]
[BlackElo "1923"]
[PlyCount "73"]
[EventDate "2013.05.17"]
[EventType "swiss"]
[EventRounds "7"]
[EventCountry "NED"]
[SourceTitle "EXT 2014"]
[Source "ChessBase"]
[SourceDate "2013.11.20"]
[SourceVersion "1"]
[SourceVersionDate "2013.11.20"]
[SourceQuality "1"]

1. Nf3 d5 2. g3 c5 3. Bg2 Nc6 4. d4 e6 5. 0-0 Nf6 6. c4 dxc4 7. dxc5 Qxd1 8. Rxd1 Bxc5 9. Nbd2 c3 10. bxc3 0-0 11. Nb3 Be7 12. Bf4 Bd7 13. Bd6 Bxd6 14. Rxd6 Rad8 15. Rad1 Bc8 16. Rxd8 Rxd8 17. Rxd8+ Nxd8 18. Ne5 Kf8 19. c4 Ke7 20. Na5 Kd6 21. f4 b6 22. Nb3 Ba6 23. Kf2 Ng8 24. Nd2 Kc5 25. a3 f5 26. Nb3+ Kd6 27. Ke3 Nh6 28. Nd4 Nhf7 29. Ndc6 Nxc6 30. Nxf7+ Ke7 31. Bxc6 Kxf7 32. Kd4 Kf6 33. e3 h6 34. h4 g6 35. Bd7 Ke7 36. Bc6 Kf6 37. Bd7 1/2-1/2